Odd Country Out - Statistics

General Stats
  • This quiz has been taken 34 times
  • The average score is 3 of 14
Answer Stats
Question Answer % Correct
Select the country that doesn't belong. Estonia
75%
Select the country that doesn't belong. Turkey
75%
Select the country that doesn't belong. Mexico
50%
Select the country that doesn't belong. Austria
25%
Select the country that doesn't belong. China
25%
Select the country that doesn't belong. Liechtenstein
25%
Select the country that doesn't belong. United States of America
25%
Select the country that doesn't belong. Vietnam
25%
Select the country that doesn't belong. Mauritania
0%
Select the country that doesn't belong. Nepal
0%
Select the country that doesn't belong. Niger
0%
Select the country that doesn't belong. Samoa
0%
Select the country that doesn't belong. Serbia
0%
Select the country that doesn't belong. Syria
0%
No matching quizzes found
Score Distribution
Percent of People with Each Score
Percentile by Number Answered
Your Score History
You have not taken this quiz